| Tag |
First Indicator |
Second Indicator |
Subfields |
| LEADER |
00000cam a2200000 4500 |
| 001 |
in00000162821 |
| 005 |
20151006080114.0 |
| 008 |
720411s1970 gw b 00000 ger d |
| 010 |
|
|
|a 75576110
|
| 015 |
|
|
|a GDB70-A-45-339
|
| 035 |
|
|
|a (OCoLC)00280662
|
| 035 |
|
|
|9 AAR9866AM
|
| 037 |
|
|
|c DM6.80
|
| 040 |
|
|
|a HEI
|c HEI
|d TXA
|d UtOrBLW
|
| 049 |
|
|
|a TXAM
|c [1149143]
|
| 050 |
|
0 |
|a PT2603.E46
|b Z94 1970
|
| 100 |
1 |
|
|a Wodtke, Friedrich Wilhelm,
|d 1913-
|
| 245 |
1 |
0 |
|a Gottfried Benn.
|
| 250 |
|
|
|a 2., uberarb. u. erg. Aufl.
|
| 264 |
|
1 |
|a Stuttgart :
|b Metzler,
|c 1970.
|
| 300 |
|
|
|a 121 pages ;
|c 19 cm.
|
| 336 |
|
|
|a text
|b txt
|2 rdacontent
|
| 337 |
|
|
|a unmediated
|b n
|2 rdamedia
|
| 338 |
|
|
|a volume
|b nc
|2 rdacarrier
|
| 490 |
0 |
|
|a Sammlung Metzler, 26. Realienbucher fur Germanisten, Abt. D: Literaturgeschichte
|
| 504 |
|
|
|a Includes bibliographies.
|
| 600 |
1 |
0 |
|a Benn, Gottfried,
|d 1886-1956.
|
| 999 |
|
|
|a MARS
|
| 999 |
f |
f |
|s 5f6c843f-6584-330a-8d11-f9dec5f0e58c
|i 33ba32bf-1a8a-367e-bc81-eac6fee9f3fe
|t 0
|
| 952 |
f |
f |
|p ric
|a Texas A&M University
|b Rellis Campus
|c Joint Library Facility
|d Remote Storage
|t 0
|e PT2603.E46 Z94 1970
|h Library of Congress classification
|i unmediated -- volume
|m A14804163132
|
| 998 |
f |
f |
|a PT2603.E46 Z94 1970
|t 0
|l Remote Storage
|